Under the eye of the storm

Tallennettuna:
Bibliografiset tiedot
Päätekijä: Hersey, John
Aineistotyyppi: Kirja
Kieli:Undetermined
Julkaistu: New York, Estados Unidos Alfred A. Knopf 1967
Aiheet:
Tagit: Lisää tagi
Ei tageja, Lisää ensimmäinen tagi!

MARC

LEADER 00000nam a2200000Ia 4500
008 170316s9999 xx 000 0 und d
040 |a cru BVZT 
090 |a 810 H-18u 
100 |a Hersey, John 
245 |a Under the eye of the storm 
260 |a New York, Estados Unidos 
260 |b Alfred A. Knopf 
260 |c 1967 
300 |a 247 páginas 
650 |a LITERATURA ESTADOUNIDENSE 
999 |c 5733  |d 5733 
942 |c 15 D  |h 810 H-18u  |2 z